| 000 | 01037cam a22002414a 4500 | ||
|---|---|---|---|
| 003 | OSt | ||
| 005 | 20201123141659.0 | ||
| 008 | 011221s2001 ck b 000 0 spa | ||
| 020 | _a9586354008 | ||
| 040 |
_aDLC _cCO-JMCR |
||
| 041 | 0 | _aspa | |
| 082 | 0 | 4 |
_a342.001 / _bD852l _223 |
| 100 | 1 |
_aDueñas Ruiz, Oscar José, _eautor _912418 |
|
| 245 | 1 | 0 |
_aLecciones de teoría constitucional / _cOscar José Dueñas Ruiz. |
| 250 | _aPrimera edición | ||
| 260 |
_aBogotá : _bEdicones Librería del Profesional, _c2001. |
||
| 300 |
_axiii, 194 páginas ; _c24 cm. |
||
| 505 | 0 | _aLa constitución boja la óptica tradicional -- Constitucionalismo antropocéntrico o dogmático -- Del estado de derecho al estado social del derecho -- La constitución como norma jurídica -- Hermenéutica constitucional -- Control judicial constitucional -- El control constitucional en Colombia | |
| 650 | 2 | 4 |
_aLey constitucional _zColombia. _912419 |
| 650 | 2 | 4 |
_aRevisión judicial _912420 |
| 650 | 2 | 4 |
_aDerecho constitucional _912421 |
| 942 |
_2ddc _cBK |
||
| 999 |
_c7016 _d7016 |
||